[Event "AUTO-OPEN-1978"]
[Site "http://www.queenalice.com/game.php?id=776268"]
[Date "2010.5.15"]
[Round "1"]
[White "atalan"]
[Black "justeldiablo"]
[Result "1-0"]
[WhiteElo "2114"]
[BlackElo "1879"]

1. e4 c5 2. d4 cxd4 3. c3 dxc3 4. Nxc3 e5 5. Bc4 b6 6. Qd5 Qf6 7. Qxa8 Bb4 8.
Qxb8 Bxc3+ 9. bxc3 Qc6 10. Qxe5+ Ne7 11. Ba3 O-O 12. Qxe7 d6 13. Bxd6 Re8 14.
Bxf7+ Kh8 15. Qxe8+ 1-0

[Event "AUTO-OPEN-1978"]
[Site "http://www.queenalice.com/game.php?id=776269"]
[Date "2010.5.15"]
[Round "1"]
[White "justeldiablo"]
[Black "atalan"]
[Result "0-1"]
[WhiteElo "1862"]
[BlackElo "2105"]

1. e4 e5 2. c3 d5 3. Qc2 Nf6 4. d3 Bc5 5. Bg5 Be6 6. Bxf6 Qxf6 7. b4 Be7 8. Nd2
Nd7 9. Ngf3 O-O 10. Be2 Qg6 11. g3 f5 12. O-O-O a5 13. Nh4 Bxh4 14. gxh4 axb4
15. Rdg1 Qf6 16. cxb4 dxe4 17. a4 exd3 18. Bxd3 e4 19. Bc4 Ne5 20. Kd1 Nxc4 21.
Nxc4 Qd4+ 22. Nd2 Rfd8 23. Ke2 Rxa4 24. Qxa4 Qxd2+ 25. Kf1 Qd3+ 26. Kg2 Qf3+ 27.
Kf1 Bc4+ 0-1

[Event "AUTO-OPEN-1978"]
[Site "http://www.queenalice.com/game.php?id=776270"]
[Date "2010.5.15"]
[Round "1"]
[White "atalan"]
[Black "Ludi"]
[Result "1-0"]
[WhiteElo "2110"]
[BlackElo "1143"]

1. e4 e5 2. Nf3 Nc6 3. d4 Bb4+ 4. c3 Ba5 5. Bc4 Nf6 6. dxe5 Nxe4 7. Qd5 O-O 8.
Qxe4 Qe8 9. O-O g6 10. Bh6 d6 11. Bxf8 Kxf8 12. Qh4 Nxe5 13. Nxe5 dxe5 14. Qxh7
Be6 15. Bxe6 fxe6 16. Qh8+ Ke7 17. Qxe8+ Rxe8 18. Na3 c5 19. Nc4 Bc7 20. Rfe1
Rf8 21. Nxe5 Rf6 22. Rad1 Ke8 23. Nd7 Rf5 24. Rxe6+ Kf7 25. Rde1 Bf4 26. Re8 Kg7
27. R1e7+ Kh6 28. Rh8+ Kg5 29. f3 Rd5 30. h4+ Kf5 31. Rf8# 1-0

[Event "AUTO-OPEN-1978"]
[Site "http://www.queenalice.com/game.php?id=776271"]
[Date "2010.5.15"]
[Round "1"]
[White "Ludi"]
[Black "atalan"]
[Result "0-1"]
[WhiteElo "1182"]
[BlackElo "2111"]

1. e4 e5 2. Nf3 Nc6 3. Nc3 Nf6 4. d3 d5 5. Bg5 d4 6. Bxf6 Qxf6 7. Nd5 Qd8 8. h4
Be6 9. Ng5 Bxd5 10. exd5 Qxd5 11. c4 Qa5+ 12. Ke2 h6 13. Ne4 Be7 14. Qb1 f5 15.
Nd2 Qb4 16. Qd1 O-O 17. g4 e4 18. a3 Qd6 19. Nb3 exd3+ 20. Qxd3 Rae8 21. gxf5
Bxh4+ 22. Kd2 Qf4+ 23. Kc2 Qxf2+ 24. Nd2 Re3 25. Rh2 Qxh2 26. Qxe3 dxe3 27. Rd1
e2 28. Bxe2 Qxe2 29. b4 Rd8 30. b5 Nd4+ 31. Kc1 Qd3 32. Kb2 Qc2+ 33. Ka1 Nb3+
34. Nxb3 Rxd1+ 35. Nc1 Rxc1# 0-1

[Event "AUTO-OPEN-1978"]
[Site "http://www.queenalice.com/game.php?id=776272"]
[Date "2010.5.15"]
[Round "1"]
[White "atalan"]
[Black "talounet"]
[Result "1-0"]
[WhiteElo "2112"]
[BlackElo "2106"]

1. e4 d6 2. d4 g6 3. Nc3 Bg7 4. f3 c6 5. Be3 Nd7 6. Qd2 Ngf6 7. h4 h5 8. Nh3 e5
9. Ng5 b6 10. dxe5 dxe5 11. O-O-O Qc7 12. Bc4 O-O 13. Qd6 Qxd6 14. Rxd6 Bb7 15.
Rhd1 Bh6 16. Rxd7 Nxd7 17. Rxd7 Bxg5 18. Bxg5 Bc8 19. Rc7 c5 20. Bh6 1-0

[Event "AUTO-OPEN-1978"]
[Site "http://www.queenalice.com/game.php?id=776273"]
[Date "2010.5.15"]
[Round "1"]
[White "talounet"]
[Black "atalan"]
[Result "0-1"]
[WhiteElo "2080"]
[BlackElo "2124"]

1. d4 f5 2. c4 e6 3. g3 Nf6 4. Bg2 Bb4+ 5. Bd2 Bxd2+ 6. Nxd2 d6 7. Ngf3 O-O 8.
O-O Nc6 9. a3 e5 10. dxe5 dxe5 11. e3 e4 12. Ne1 Qd6 13. Nb3 Be6 14. Qe2 Rad8
15. Nc2 Ne5 16. Nbd4 Bxc4 17. Qd1 Bxf1 18. Qxf1 c5 19. Nxf5 Qd2 0-1

[Event "Challenge"]
[Site "http://www.queenalice.com/game.php?id=777792"]
[Date "2010.5.19"]
[Round "-"]
[White "atalan"]
[Black "anmarton"]
[Result "0-1"]
[WhiteElo "2144"]
[BlackElo "2138"]

1. e4 c5 2. d4 cxd4 3. c3 d3 4. c4 Nc6 5. Nc3 d6 6. Bxd3 Nf6 7. Nf3 e5 8. h3 a6
9. O-O Be7 10. Be3 O-O 11. Rc1 Be6 12. Nd5 Bxd5 13. cxd5 Nb8 14. Qb3 b5 15. a4
Nbd7 0-1

[Event "AUTO-MASTER-1123"]
[Site "http://www.queenalice.com/game.php?id=779374"]
[Date "2010.5.22"]
[Round "1"]
[White "technicaldraw"]
[Black "atalan"]
[Result "0-1"]
[WhiteElo "2036"]
[BlackElo "2135"]

1. e4 e6 2. d4 d5 3. Nc3 Nf6 4. e5 Nfd7 5. f4 c5 6. Nf3 Nc6 7. Be3 a6 8. Qd2 b5
9. a3 g5 10. fxg5 cxd4 11. Nxd4 Ncxe5 12. Bd3 Bg7 13. O-O Bb7 14. Qf2 Qe7 15.
Be2 h6 16. h4 hxg5 17. hxg5 Nc4 18. Bxc4 dxc4 19. Rae1 O-O-O 20. Qxf7 Qd6 21.
Bf4 Bxd4+ 0-1

[Event "AUTO-MASTER-1123"]
[Site "http://www.queenalice.com/game.php?id=779375"]
[Date "2010.5.22"]
[Round "1"]
[White "atalan"]
[Black "technicaldraw"]
[Result "0-1"]
[WhiteElo "2119"]
[BlackElo "2047"]

1. e4 c5 2. d4 cxd4 3. c3 dxc3 4. Nxc3 Nc6 5. Nf3 e6 6. Bc4 d6 7. O-O Be7 8. Qe2
Nf6 9. Rd1 e5 10. h3 O-O 0-1

[Event "AUTO-MASTER-1123"]
[Site "http://www.queenalice.com/game.php?id=779388"]
[Date "2010.5.22"]
[Round "1"]
[White "Bigorna"]
[Black "atalan"]
[Result "1-0"]
[WhiteElo "1884"]
[BlackElo "2005"]

1. e4 e6 2. c3 d5 3. e5 c5 4. Bb5+ Bd7 5. Bxd7+ Qxd7 6. Nf3 d4 7. cxd4 cxd4 8.
d3 Nc6 9. O-O Nge7 10. Nbd2 Ng6 11. Re1 1-0

[Event "AUTO-MASTER-1123"]
[Site "http://www.queenalice.com/game.php?id=779389"]
[Date "2010.5.22"]
[Round "1"]
[White "atalan"]
[Black "Bigorna"]
[Result "0-1"]
[WhiteElo "2028"]
[BlackElo "1861"]

1. e4 e5 2. Nf3 Bd6 3. Bc4 Nf6 4. d4 Nc6 5. Nc3 h6 6. O-O Qe7 7. Re1 O-O 8. Nb5
Bb4 9. Bd2 Bxd2 10. Qxd2 d6 11. d5 Nd8 0-1

[Event "AUTO-MASTER-1123"]
[Site "http://www.queenalice.com/game.php?id=779398"]
[Date "2010.5.22"]
[Round "1"]
[White "atalan"]
[Black "PlinioSalgado"]
[Result "1-0"]
[WhiteElo "2154"]
[BlackElo "2019"]

1. e4 c5 2. d4 cxd4 3. c3 dxc3 4. Nxc3 Nc6 5. Nf3 d6 6. Bc4 e6 7. O-O Nf6 8. Qe2
Be7 9. Rd1 e5 10. h3 O-O 11. Be3 a6 12. a4 Qc7 13. Rac1 Bd7 14. Nd5 Nxd5 15.
exd5 Na5 16. Bxa6 Qd8 17. Bb5 b6 18. b4 Nb7 19. Bc6 Rb8 20. Qa6 Bc8 21. Bxb6 Nc5
22. Bxd8 Nxa6 23. Bxe7 1-0

[Event "AUTO-MASTER-1123"]
[Site "http://www.queenalice.com/game.php?id=779399"]
[Date "2010.5.22"]
[Round "1"]
[White "PlinioSalgado"]
[Black "atalan"]
[Result "1-0"]
[WhiteElo "1984"]
[BlackElo "2046"]

1. e4 e6 2. d4 d5 3. exd5 exd5 4. Bd3 Nf6 5. Ne2 Bd6 6. Bf4 O-O 7. h3 Re8 8.
Bxd6 Qxd6 9. O-O Nbd7 10. Nd2 Nf8 11. Ng3 Ng6 12. c3 Nf4 13. Qc2 Nxd3 14. Qxd3
Be6 15. Rae1 c6 16. Nf3 Re7 17. Ne5 1-0

[Event "QA-ANNIV-06"]
[Site "http://www.queenalice.com/game.php?id=791007"]
[Date "2010.6.16"]
[Round "1"]
[White "HelderNanques"]
[Black "atalan"]
[Result "0-1"]
[WhiteElo "2063"]
[BlackElo "2144"]

1. e4 e6 2. d4 d5 3. exd5 exd5 4. Bd3 Bd6 5. Ne2 Nf6 6. O-O c6 7. Bg5 O-O 8. Nd2
Bxh2+ 9. Kxh2 Ng4+ 10. Kg3 Qxg5 11. Nf3 Qe7 12. Rh1 h6 13. Nh4 Qf6 14. f4 c5 15.
c3 Nc6 16. Bc2 Ne3 17. Qd3 Nxc2 18. Qxc2 cxd4 19. Nxd4 Nxd4 20. cxd4 Qxd4 21.
Rad1 Qe3+ 22. Nf3 Qe6 23. Rd4 Qg4+ 24. Kf2 Bf5 25. Qc7 Rac8 26. Qe5 Be4 27. Rh4
Rc2+ 28. Kg1 Qxg2# 0-1